Communication systems (Record no. 64945)

000 -LEADER
fixed length control field 00395nam a22001577a 4500
003 - CONTROL NUMBER IDENTIFIER
control field NUST - PNEC
005 - DATE AND TIME OF LATEST TRANSACTION
control field 20170116180901.0
008 - FIXED-LENGTH DATA ELEMENTS--GENERAL INFORMATION
fixed length control field 150901b xxu||||| |||| 00| 0 eng d
040 ## - CATALOGING SOURCE
Transcribing agency LIBRARY
082 ## - DEWEY DECIMAL CLASSIFICATION NUMBER
Classification number 621.382 HAY
100 ## - MAIN ENTRY--PERSONAL NAME
9 (RLIN) 6283
Personal name Haykin, Simon
245 ## - TITLE STATEMENT
Title Communication systems
Statement of responsibility, etc. Simon Haykin
260 ## - PUBLICATION, DISTRIBUTION, ETC.
Date of publication, distribution, etc. c1983
650 ## - SUBJECT ADDED ENTRY--TOPICAL TERM
9 (RLIN) 6289
Topical term or geographic name entry element Telecommunication
General subdivision EL,MSCOM
942 ## - ADDED ENTRY ELEMENTS (KOHA)
Source of classification or shelving scheme
Koha item type Book
Holdings
Withdrawn status Lost status Source of classification or shelving scheme Damaged status Not for loan Permanent Location Current Location Shelving location Date acquired Total Checkouts Full call number Barcode Date last seen Price effective from Koha item type
          Pakistan Navy Engineering College (PNEC) Pakistan Navy Engineering College (PNEC)       621.382 HAY PNECLIB-012888 09/01/2015   Book
© 2023 Central Library, National University of Sciences and Technology. All Rights Reserved.